000 00471nam a2200145 4500
001 133432
003 ES-MaACL
007 t|
008 070214s1933 sp r ||||1| spa d
100 1 _aRuiz, Diego.
_9100600
245 1 0 _aRepresión mental en Alemania
_b: piezas de convicción para un juicio sobre el nazismo y la cuestión judía /
_cDiego Ruíz.
260 _aBarcelona :
_bSolá y Ferrer,
_c1933.
300 _a203 p. ;
_c18 x 13 cm.
852 _aES-MaACL
_jB-8406
999 _c133432
_d133432